Central Library OPAC University of Rajshahi

Programmer's guide to FoxPro 2.5/2.6 / (Record no. 66050)

MARC details
000 -LEADER
fixed length control field 00617nam a2200229 a 4500
001 - CONTROL NUMBER
control field 66050
003 - CONTROL NUMBER IDENTIFIER
rucl marc code BD-RjUL
005 - DATE AND TIME OF LATEST TRANSACTION
control field 20211209081508.0
008 - FIXED-LENGTH DATA ELEMENTS--GENERAL INFORMATION
fixed length control field 170313s1995 ii a|||| |||| 001 0 eng d
020 ## - INTERNATIONAL STANDARD BOOK NUMBER
International Standard Book Number 8170292573
035 ## - SYSTEM CONTROL NUMBER
System control number (BD-RjUL)66180
040 ## - CATALOGING SOURCE
Original cataloging agency BD-RjUL
Language of cataloging eng
Transcribing agency BD-RjUL
Modifying agency BD-RjUL
041 ## - LANGUAGE CODE
Language code of text/sound track or separate title eng
082 ## - DEWEY DECIMAL CLASSIFICATION NUMBER
Edition number 23
Classification number 005.1
Author mark and year DIP 1995
100 1# - MAIN ENTRY--PERSONAL NAME
Personal name Dickler, H
9 (RLIN) 195369
245 01 - TITLE STATEMENT
Title Programmer's guide to FoxPro 2.5/2.6 /
Statement of responsibility, etc. H Dickler
250 ## - EDITION STATEMENT
Edition statement 2nd ed.
260 ## - PUBLICATION, DISTRIBUTION, ETC. (IMPRINT)
Place of publication, distribution, etc. New Delhi :
Name of publisher, distributor, etc. BPB pub.,
Date of publication, distribution, etc. 1995.
300 ## - PHYSICAL DESCRIPTION
Pagination 766 p. :
Illustrations ill. ;
Size 25 cm.
650 ## - SUBJECT ADDED ENTRY--TOPICAL TERM
Topical term or geographic name as entry element Database management
9 (RLIN) 195370
942 ## - ADDED ENTRY ELEMENTS (KOHA)
Source of classification or shelving scheme Dewey Decimal Classification
Koha item type Books
Holdings
Lost status Source of classification or shelving scheme Damaged status Not for loan Collection code Permanent Location Current Location Shelving location Date acquired Source of acquisition Cost, normal purchase price Total Checkouts Full call number Date last seen Copy number Koha item type
  Dewey Decimal Classification   Not For Loan Non-fiction Central Library, University of Rajshahi Central Library, University of Rajshahi Reading Room 22/12/1999 Dhaka, Paragon Enterprises 379.27   005.7565 DIP 1995 13/03/2017 C-1 Books
  Dewey Decimal Classification     Non-fiction Central Library, University of Rajshahi Central Library, University of Rajshahi   07/04/2001 Ankur prokashoni, Dhaka.     005.1 DIP 1995 14/03/2017 C-2 Books